[Event "V4Liptov2018"]
[Site "?"]
[Date "2018.06.23"]
[Round "2.1"]
[White "Bango, Lukas"]
[Black "Szczurek, Krzysztof"]
[Result "0-1"]
[BlackElo "2075"]
[WhiteElo "2130"]
[LiveChessVersion "1.4.8"]

1. d4 {[%clk 1:00:52]} Nf6 {[%clk 1:00:51]} 2. c4 {[%clk 1:01:13]} g6
{[%clk 1:01:15]} 3. Nc3 {[%clk 1:01:37]} Bg7 {[%clk 1:01:40]} 4. e4
{[%clk 1:02:02]} d6 {[%clk 1:02:06]} 5. f3 {[%clk 1:02:17]} O-O {[%clk 1:02:26]}
6. Be3 {[%clk 1:02:44]} Nbd7 {[%clk 1:02:09]} 7. Qd2 {[%clk 1:03:06]} e5
{[%clk 1:02:12]} 8. d5 {[%clk 1:03:24]} Nb6 {[%clk 0:59:53]} 9. O-O-O
{[%clk 1:03:31]} Nh5 {[%clk 1:00:11]} 10. Bd3 {[%clk 0:52:14]} f5
{[%clk 0:55:22]} 11. exf5 {[%clk 0:49:53]} Bxf5 {[%clk 0:55:08]} 12. Nge2
{[%clk 0:50:10]} Nf6 {[%clk 0:42:51]} 13. g4 {[%clk 0:50:06]} Bxd3
{[%clk 0:41:54]} 14. Qxd3 {[%clk 0:49:51]} e4 {[%clk 0:39:21]} 15. Nxe4
{[%clk 0:50:01]} Nxe4 {[%clk 0:39:34]} 16. fxe4 {[%clk 0:50:03]} Qh4
{[%clk 0:39:57]} 17. Nd4 {[%clk 0:43:39]} Qxg4 {[%clk 0:37:01]} 18. Rdg1
{[%clk 0:43:13]} Qd7 {[%clk 0:35:51]} 19. Ne6 {[%clk 0:43:34]} Rf3
{[%clk 0:35:31]} 20. Qe2 {[%clk 0:43:15]} Bxb2+ {[%clk 0:27:58]} 21. Kb1
{[%clk 0:42:39]} Rxe3 {[%clk 0:28:11]} 22. Qxe3 {[%clk 0:42:54]} Nxc4
{[%clk 0:28:35]} 23. Qd3 {[%clk 0:41:04]} Qb5 {[%clk 0:28:47]} 24. Nxc7
{[%clk 0:41:29]} Qb4 {[%clk 0:29:03]} 25. Kc2 {[%clk 0:31:20]} Rc8
{[%clk 0:27:50]} 26. Kd1 {[%clk 0:28:30]} Rxc7 {[%clk 0:27:59]} 27. Ke2
{[%clk 0:28:51]} Ne5 {[%clk 0:28:16]} 28. Qe3 {[%clk 0:25:41]} Rc2+
{[%clk 0:27:55]} 29. Kf1 {[%clk 0:26:05]} Qc4+ {[%clk 0:28:14]} 30. Ke1
{[%clk 0:26:30]} Bd4 {[%clk 0:27:48]} 0-1

[Event "V4Liptov2018"]
[Site "?"]
[Date "2018.06.23"]
[Round "2.2"]
[White "Dylag, Emilia"]
[Black "Slaba, Andrea"]
[Result "1-0"]
[BlackElo "1936"]
[WhiteElo "1935"]
[LiveChessVersion "1.4.8"]

1. d4 {[%clk 1:00:57]} Nf6 {[%clk 1:00:54]} 2. Nf3 {[%clk 1:01:12]} g6
{[%clk 1:01:19]} 3. c4 {[%clk 1:01:36]} Bg7 {[%clk 1:01:45]} 4. Nc3
{[%clk 1:01:58]} d5 {[%clk 1:02:12]} 5. cxd5 {[%clk 1:02:18]} Nxd5
{[%clk 1:02:38]} 6. e4 {[%clk 1:02:18]} Nxc3 {[%clk 1:03:03]} 7. bxc3
{[%clk 1:02:42]} O-O {[%clk 1:03:28]} 8. Be2 {[%clk 0:58:09]} c5 {[%clk 1:03:50]}
9. O-O {[%clk 0:56:58]} cxd4 {[%clk 1:03:01]} 10. cxd4 {[%clk 0:55:40]} Nc6
{[%clk 1:02:01]} 11. Be3 {[%clk 0:55:03]} Bg4 {[%clk 0:59:34]} 12. Rb1
{[%clk 0:50:25]} Na5 {[%clk 0:56:37]} 13. Qa4 {[%clk 0:48:27]} Bd7
{[%clk 0:54:57]} 14. Qb4 {[%clk 0:48:20]} b6 {[%clk 0:54:58]} 15. d5
{[%clk 0:47:30]} Bg4 {[%clk 0:49:20]} 16. Rbc1 {[%clk 0:39:02]} f5
{[%clk 0:44:49]} 17. Bg5 {[%clk 0:37:51]} Re8 {[%clk 0:44:02]} 18. Bb5
{[%clk 0:37:33]} fxe4 {[%clk 0:41:26]} 19. Bxe8 {[%clk 0:35:49]} exf3
{[%clk 0:40:26]} 20. Qxg4 {[%clk 0:35:55]} fxg2 {[%clk 0:40:28]} 21. Bf7+
{[%clk 0:33:28]} Kxf7 {[%clk 0:40:40]} 22. Qe6+ {[%clk 0:33:52]} Kf8
{[%clk 0:41:00]} 23. Rfe1 {[%clk 0:33:59]} Bf6 {[%clk 0:40:55]} 24. Bxf6
{[%clk 0:32:29]} exf6 {[%clk 0:41:20]} 25. d6 {[%clk 0:32:45]} Nb7
{[%clk 0:40:57]} 26. Rc7 {[%clk 0:32:28]} Nxd6 {[%clk 0:40:43]} 27. Rd7
{[%clk 0:32:09]} 1-0

[Event "V4Liptov2018"]
[Site "?"]
[Date "2018.06.23"]
[Round "2.3"]
[White "Bango, Dominik"]
[Black "Wasik, Mateusz"]
[Result "0-1"]
[BlackElo "1652"]
[WhiteElo "1861"]
[LiveChessVersion "1.4.8"]

1. e4 {[%clk 1:00:58]} c5 {[%clk 1:00:54]} 2. Nf3 {[%clk 1:01:24]} Nc6
{[%clk 1:01:01]} 3. d4 {[%clk 1:01:42]} cxd4 {[%clk 1:01:20]} 4. Nxd4
{[%clk 1:02:07]} Qb6 {[%clk 1:01:41]} 5. Nb3 {[%clk 1:01:39]} Nf6
{[%clk 1:02:03]} 6. Nc3 {[%clk 1:01:43]} e6 {[%clk 1:02:28]} 7. Be3
{[%clk 1:01:55]} Qc7 {[%clk 1:02:51]} 8. f3 {[%clk 1:00:32]} a6 {[%clk 1:03:14]}
9. a3 {[%clk 0:59:13]} b5 {[%clk 1:00:03]} 10. Bd3 {[%clk 0:58:28]} Bb7
{[%clk 1:00:17]} 11. O-O {[%clk 0:58:34]} Be7 {[%clk 1:00:41]} 12. Ne2
{[%clk 0:58:40]} O-O {[%clk 1:00:20]} 13. Ned4 {[%clk 0:58:44]} d5
{[%clk 0:56:59]} 14. exd5 {[%clk 0:50:16]} Nxd5 {[%clk 0:56:17]} 15. Bf2
{[%clk 0:50:30]} Rfd8 {[%clk 0:56:00]} 16. c3 {[%clk 0:50:07]} Nf4
{[%clk 0:52:43]} 17. Nc1 {[%clk 0:42:36]} e5 {[%clk 0:44:47]} 18. Nf5
{[%clk 0:39:10]} Rd5 {[%clk 0:32:19]} 19. Qc2 {[%clk 0:37:52]} Rad8
{[%clk 0:31:56]} 20. Ne3 {[%clk 0:30:16]} Rxd3 {[%clk 0:29:40]} 21. Nxd3
{[%clk 0:30:24]} Nxd3 {[%clk 0:29:50]} 22. Nf5 {[%clk 0:29:42]} Bc8
{[%clk 0:26:36]} 23. Nxe7+ {[%clk 0:28:58]} Qxe7 {[%clk 0:25:54]} 24. Rad1
{[%clk 0:29:06]} Bf5 {[%clk 0:26:13]} 25. Qe2 {[%clk 0:29:14]} Qc7
{[%clk 0:19:27]} 26. Rd2 {[%clk 0:27:28]} Nf4 {[%clk 0:17:25]} 27. Qd1
{[%clk 0:26:12]} Rxd2 {[%clk 0:15:49]} 28. Qxd2 {[%clk 0:26:33]} Na5
{[%clk 0:16:11]} 29. Rd1 {[%clk 0:26:05]} Nd3 {[%clk 0:16:18]} 30. Qg5
{[%clk 0:25:56]} Bg6 {[%clk 0:15:56]} 31. b4 {[%clk 0:12:24]} h6 {[%clk 0:15:34]}
32. Qe3 {[%clk 0:09:17]} Nc4 {[%clk 0:15:35]} 33. Qe2 {[%clk 0:09:32]} Nf4
{[%clk 0:14:27]} 34. Qa2 {[%clk 0:08:49]} Nd3 {[%clk 0:14:14]} 35. Qe2
{[%clk 0:07:41]} Ncb2 {[%clk 0:14:13]} 36. Rd2 {[%clk 0:07:30]} Qxc3
{[%clk 0:14:19]} 37. Rc2 {[%clk 0:06:32]} Qxa3 {[%clk 0:14:40]} 38. h4
{[%clk 0:06:54]} Qxb4 {[%clk 0:14:18]} 39. g4 {[%clk 0:07:10]} Nc4
{[%clk 0:14:17]} 40. Ra2 {[%clk 0:06:55]} a5 {[%clk 0:14:22]} 41. h5
{[%clk 0:07:16]} Bh7 {[%clk 0:14:45]} 42. Ra1 {[%clk 0:06:38]} a4
{[%clk 0:14:42]} 43. Qd1 {[%clk 0:06:16]} Qd2 {[%clk 0:14:38]} 44. Qf1
{[%clk 0:03:42]} Qxf2+ {[%clk 0:14:17]} 45. Qxf2 {[%clk 0:04:07]} Nxf2
{[%clk 0:14:39]} 46. Kxf2 {[%clk 0:04:32]} Bc2 {[%clk 0:15:02]} 47. Ke2
{[%clk 0:04:37]} b4 {[%clk 0:15:01]} 0-1

[Event "V4Liptov2018"]
[Site "?"]
[Date "2018.06.23"]
[Round "2.4"]
[White "Jozefczyk, Szymon"]
[Black "Kramar, Matus"]
[Result "1-0"]
[BlackElo "1680"]
[WhiteElo "1643"]
[LiveChessVersion "1.4.8"]

1. e4 {[%clk 1:00:57]} c5 {[%clk 1:00:27]} 2. Nf3 {[%clk 1:00:57]} d6
{[%clk 1:00:16]} 3. d4 {[%clk 1:00:50]} cxd4 {[%clk 1:00:31]} 4. Nxd4
{[%clk 1:00:58]} Nf6 {[%clk 1:00:11]} 5. Nc3 {[%clk 1:01:06]} g6 {[%clk 1:00:17]}
6. f3 {[%clk 1:00:50]} Bg7 {[%clk 0:58:27]} 7. Be3 {[%clk 0:59:26]} O-O
{[%clk 0:56:48]} 8. Qd2 {[%clk 0:58:22]} Bd7 {[%clk 0:54:22]} 9. O-O-O
{[%clk 0:57:24]} a6 {[%clk 0:53:30]} 10. h4 {[%clk 0:55:24]} h5 {[%clk 0:52:55]}
11. Kb1 {[%clk 0:50:49]} Nc6 {[%clk 0:49:50]} 12. Bc4 {[%clk 0:46:45]} Rc8
{[%clk 0:48:24]} 13. Bb3 {[%clk 0:46:25]} b5 {[%clk 0:46:36]} 14. Nxc6
{[%clk 0:40:02]} Bxc6 {[%clk 0:39:41]} 15. Nd5 {[%clk 0:38:23]} Nxd5
{[%clk 0:36:59]} 16. Bxd5 {[%clk 0:36:33]} Bxd5 {[%clk 0:35:21]} 17. Qxd5
{[%clk 0:36:10]} Qc7 {[%clk 0:34:31]} 18. Qd2 {[%clk 0:35:53]} a5
{[%clk 0:33:05]} 19. g4 {[%clk 0:34:10]} hxg4 {[%clk 0:31:33]} 20. fxg4
{[%clk 0:34:25]} Be5 {[%clk 0:25:24]} 21. h5 {[%clk 0:32:47]} gxh5
{[%clk 0:23:02]} 22. Rxh5 {[%clk 0:30:23]} f6 {[%clk 0:21:37]} 23. Rc1
{[%clk 0:25:18]} Qc6 {[%clk 0:19:13]} 24. Bh6 {[%clk 0:18:34]} Qxe4
{[%clk 0:12:50]} 25. Bxf8 {[%clk 0:18:08]} Kxf8 {[%clk 0:11:55]} 26. Rh8+
{[%clk 0:18:26]} Kf7 {[%clk 0:11:39]} 27. Rxc8 {[%clk 0:18:49]} Bf4
{[%clk 0:11:06]} 28. Qe1 {[%clk 0:17:20]} Qb7 {[%clk 0:11:10]} 29. Rh8
{[%clk 0:17:27]} Bxc1 {[%clk 0:10:52]} 30. Rh7+ {[%clk 0:16:54]} Ke8
{[%clk 0:10:57]} 31. Kxc1 {[%clk 0:16:58]} Qa7 {[%clk 0:10:17]} 32. Rh8+
{[%clk 0:15:02]} Kf7 {[%clk 0:10:28]} 33. Rh7+ {[%clk 0:14:52]} Ke8
{[%clk 0:10:50]} 34. a3 {[%clk 0:14:58]} a4 {[%clk 0:10:54]} 35. Kb1
{[%clk 0:14:56]} d5 {[%clk 0:10:38]} 36. Qe6 {[%clk 0:14:27]} Qg1+
{[%clk 0:10:14]} 37. Ka2 {[%clk 0:14:43]} Qc5 {[%clk 0:10:27]} 38. Rh8#
{[%clk 0:15:01]} 1-0

[Event "V4Liptov2018"]
[Site "?"]
[Date "2018.06.23"]
[Round "2.5"]
[White "Demko, Robert"]
[Black "Durica, Adam"]
[Result "1/2-1/2"]
[BlackElo "1950"]
[WhiteElo "1806"]
[LiveChessVersion "1.4.8"]

1. e4 {[%clk 0:57:38]} c5 {[%clk 1:00:44]} 2. Nf3 {[%clk 0:57:45]} Nc6
{[%clk 1:01:05]} 3. d4 {[%clk 0:58:00]} cxd4 {[%clk 1:01:28]} 4. Nxd4
{[%clk 0:58:25]} g6 {[%clk 1:01:49]} 5. Nc3 {[%clk 0:58:32]} Bg7 {[%clk 1:02:08]}
6. Be3 {[%clk 0:58:10]} Nf6 {[%clk 1:01:57]} 7. Nb3 {[%clk 0:57:11]} d6
{[%clk 1:01:01]} 8. f3 {[%clk 0:56:34]} O-O {[%clk 1:00:38]} 9. Qd2
{[%clk 0:55:49]} a6 {[%clk 1:00:08]} 10. g4 {[%clk 0:53:33]} b5 {[%clk 0:59:00]}
11. O-O-O {[%clk 0:53:14]} Be6 {[%clk 0:56:20]} 12. Bh6 {[%clk 0:51:01]} Ne5
{[%clk 0:54:40]} 13. Bxg7 {[%clk 0:49:24]} Kxg7 {[%clk 0:55:02]} 14. Be2
{[%clk 0:49:07]} Bc4 {[%clk 0:53:37]} 15. h4 {[%clk 0:46:12]} Bxe2
{[%clk 0:50:35]} 16. Qxe2 {[%clk 0:46:22]} b4 {[%clk 0:43:29]} 17. Nd5
{[%clk 0:44:22]} Nxd5 {[%clk 0:43:15]} 18. exd5 {[%clk 0:43:36]} a5
{[%clk 0:43:04]} 19. f4 {[%clk 0:43:18]} Nd7 {[%clk 0:43:14]} 20. Nd4
{[%clk 0:43:06]} Nf6 {[%clk 0:38:03]} 21. h5 {[%clk 0:37:21]} Nxd5
{[%clk 0:29:17]} 22. Nf5+ {[%clk 0:35:32]} gxf5 {[%clk 0:29:21]} 23. Rxd5
{[%clk 0:35:39]} e6 {[%clk 0:26:15]} 24. Rd3 {[%clk 0:35:51]} fxg4
{[%clk 0:26:39]} 25. Qxg4+ {[%clk 0:36:15]} Kh8 {[%clk 0:26:54]} 26. Rg1
{[%clk 0:29:44]} Qf6 {[%clk 0:24:38]} 27. Qf3 {[%clk 0:27:21]} d5
{[%clk 0:22:51]} 28. f5 {[%clk 0:22:29]} a4 {[%clk 0:18:12]} 29. Rg4
{[%clk 0:20:01]} Rab8 {[%clk 0:14:57]} 30. fxe6 {[%clk 0:13:21]} fxe6
{[%clk 0:15:15]} 31. Qxf6+ {[%clk 0:13:24]} Rxf6 {[%clk 0:15:35]} 32. Rdd4
{[%clk 0:10:17]} b3 {[%clk 0:15:13]} 33. cxb3 {[%clk 0:09:43]} axb3
{[%clk 0:14:55]} 34. axb3 {[%clk 0:07:20]} Rxb3 {[%clk 0:15:07]} 35. Ra4
{[%clk 0:07:25]} Rb8 {[%clk 0:15:18]} 36. b4 {[%clk 0:07:27]} Rh6
{[%clk 0:11:29]} 37. Ra6 {[%clk 0:05:39]} Rxh5 {[%clk 0:10:04]} 38. Rxe6
{[%clk 0:05:53]} Rf5 {[%clk 0:10:13]} 39. Re7 {[%clk 0:05:46]} Rf6
{[%clk 0:05:45]} 40. Rd7 {[%clk 0:04:06]} Rfb6 {[%clk 0:05:25]} 41. Rgg7
{[%clk 0:04:03]} Rxb4 {[%clk 0:03:59]} 1/2-1/2

[Event "V4Liptov2018"]
[Site "?"]
[Date "2018.06.23"]
[Round "2.6"]
[White "Holly, Andrej"]
[Black "Ochmyt, Jakub"]
[Result "1/2-1/2"]
[BlackElo "1787"]
[WhiteElo "1924"]
[LiveChessVersion "1.4.8"]

1. e4 {[%clk 1:00:58]} e6 {[%clk 1:00:47]} 2. d4 {[%clk 1:01:09]} d5
{[%clk 1:00:47]} 3. Bd3 {[%clk 1:01:20]} c5 {[%clk 1:00:33]} 4. exd5
{[%clk 1:01:33]} exd5 {[%clk 1:00:40]} 5. Nf3 {[%clk 1:01:42]} Nf6
{[%clk 1:00:08]} 6. O-O {[%clk 1:01:00]} Be7 {[%clk 1:00:14]} 7. dxc5
{[%clk 0:57:47]} Bxc5 {[%clk 0:59:15]} 8. Re1+ {[%clk 0:56:15]} Be7
{[%clk 0:59:34]} 9. Nbd2 {[%clk 0:54:06]} O-O {[%clk 0:58:52]} 10. Nb3
{[%clk 0:54:22]} Nc6 {[%clk 0:57:59]} 11. c3 {[%clk 0:54:21]} Qc7
{[%clk 0:56:44]} 12. Bg5 {[%clk 0:52:17]} Bg4 {[%clk 0:54:58]} 13. Rc1
{[%clk 0:45:33]} Rad8 {[%clk 0:53:43]} 14. Nbd4 {[%clk 0:44:16]} Rfe8
{[%clk 0:47:40]} 15. Qc2 {[%clk 0:43:25]} h6 {[%clk 0:47:28]} 16. Bh4
{[%clk 0:43:11]} Bxf3 {[%clk 0:45:09]} 17. Nxf3 {[%clk 0:43:16]} Ng4
{[%clk 0:42:35]} 18. Bg3 {[%clk 0:37:37]} Bd6 {[%clk 0:41:22]} 19. Bxd6
{[%clk 0:37:29]} Qxd6 {[%clk 0:41:35]} 20. Bb5 {[%clk 0:35:55]} Nge5
{[%clk 0:35:51]} 21. Nxe5 {[%clk 0:33:47]} Rxe5 {[%clk 0:36:07]} 22. Qd2
{[%clk 0:31:24]} Rde8 {[%clk 0:33:04]} 23. Rxe5 {[%clk 0:30:57]} Rxe5
{[%clk 0:31:31]} 24. Re1 {[%clk 0:28:06]} f6 {[%clk 0:30:32]} 25. Ba4
{[%clk 0:25:38]} Na5 {[%clk 0:28:15]} 26. Rxe5 {[%clk 0:19:05]} Qxe5
{[%clk 0:27:35]} 27. Qe3 {[%clk 0:17:06]} Nc4 {[%clk 0:26:23]} 28. Qxe5
{[%clk 0:16:58]} Nxe5 {[%clk 0:25:56]} 29. Bb3 {[%clk 0:14:15]} Nc4
{[%clk 0:26:09]} 30. Kf1 {[%clk 0:10:31]} Kf7 {[%clk 0:26:15]} 31. Ke2
{[%clk 0:10:56]} Ke6 {[%clk 0:26:02]} 32. Kd3 {[%clk 0:10:41]} Nb6
{[%clk 0:25:38]} 33. Kd4 {[%clk 0:10:49]} Kd6 {[%clk 0:25:48]} 34. a4
{[%clk 0:09:15]} a5 {[%clk 0:25:53]} 35. f4 {[%clk 0:09:13]} Kc6 {[%clk 0:25:40]}
36. h4 {[%clk 0:09:29]} Kd6 {[%clk 0:24:54]} 37. g4 {[%clk 0:09:14]} Kc6
{[%clk 0:25:12]} 38. Bd1 {[%clk 0:07:10]} Kd6 {[%clk 0:23:21]} 39. b3
{[%clk 0:07:31]} Nc8 {[%clk 0:23:31]} 40. b4 {[%clk 0:06:02]} b6 {[%clk 0:23:41]}
41. b5 {[%clk 0:05:28]} Ne7 {[%clk 0:23:45]} 42. Bc2 {[%clk 0:04:57]} Ke6
{[%clk 0:22:45]} 43. h5 {[%clk 0:04:21]} Kd6 {[%clk 0:21:29]} 44. Bd1
{[%clk 0:03:14]} Ke6 {[%clk 0:21:47]} 45. Bf3 {[%clk 0:03:29]} f5
{[%clk 0:18:04]} 46. g5 {[%clk 0:03:25]} Kd6 {[%clk 0:18:14]} 47. Bd1
{[%clk 0:01:12]} Ke6 {[%clk 0:17:44]} 48. Bc2 {[%clk 0:00:42]} 1/2-1/2

[Event "V4Liptov2018"]
[Site "?"]
[Date "2018.06.23"]
[Round "2.7"]
[White "Fizer, Marek"]
[Black "Sivcak, Matej"]
[Result "1-0"]
[BlackElo "1879"]
[WhiteElo "1624"]
[LiveChessVersion "1.4.8"]

1. e4 {[%clk 1:00:57]} d6 {[%clk 1:00:38]} 2. d4 {[%clk 1:00:52]} Nf6
{[%clk 1:00:51]} 3. Nc3 {[%clk 1:01:06]} Nbd7 {[%clk 1:01:08]} 4. g4
{[%clk 1:01:22]} h6 {[%clk 0:58:46]} 5. h3 {[%clk 1:01:18]} e5 {[%clk 0:58:31]}
6. Nge2 {[%clk 1:01:30]} c6 {[%clk 0:57:33]} 7. Bg2 {[%clk 1:00:12]} Be7
{[%clk 0:57:13]} 8. O-O {[%clk 0:58:52]} Qc7 {[%clk 0:55:29]} 9. f4
{[%clk 0:57:15]} exd4 {[%clk 0:53:47]} 10. Nxd4 {[%clk 0:57:35]} Nc5
{[%clk 0:52:21]} 11. b4 {[%clk 0:52:53]} Ne6 {[%clk 0:51:39]} 12. Be3
{[%clk 0:44:15]} Bd7 {[%clk 0:46:34]} 13. Nf5 {[%clk 0:41:03]} Bf8
{[%clk 0:43:11]} 14. Qf3 {[%clk 0:37:38]} g6 {[%clk 0:36:28]} 15. Nd4
{[%clk 0:36:22]} Bg7 {[%clk 0:32:57]} 16. Rad1 {[%clk 0:34:36]} O-O-O
{[%clk 0:29:22]} 17. b5 {[%clk 0:33:45]} Rhe8 {[%clk 0:23:18]} 18. bxc6
{[%clk 0:31:33]} bxc6 {[%clk 0:22:57]} 19. e5 {[%clk 0:30:51]} Nxd4
{[%clk 0:20:09]} 20. Bxd4 {[%clk 0:30:09]} dxe5 {[%clk 0:19:16]} 21. Bxe5
{[%clk 0:30:19]} Rxe5 {[%clk 0:17:16]} 22. fxe5 {[%clk 0:30:08]} Qxe5
{[%clk 0:17:14]} 23. Qd3 {[%clk 0:29:27]} Qc5+ {[%clk 0:15:40]} 24. Kh1
{[%clk 0:29:31]} h5 {[%clk 0:11:16]} 25. Qa6+ {[%clk 0:29:43]} Kc7
{[%clk 0:11:17]} 26. Na4 {[%clk 0:29:57]} Qe3 {[%clk 0:08:04]} 27. Rd3
{[%clk 0:30:18]} Qxd3 {[%clk 0:07:42]} 28. cxd3 {[%clk 0:30:41]} hxg4
{[%clk 0:08:03]} 29. Qxa7+ {[%clk 0:31:05]} Kd6 {[%clk 0:08:06]} 30. Qc5+
{[%clk 0:31:20]} Kc7 {[%clk 0:08:12]} 31. Rb1 {[%clk 0:31:29]} gxh3
{[%clk 0:08:12]} 32. Bf3 {[%clk 0:30:56]} Re8 {[%clk 0:07:26]} 33. Nb6
{[%clk 0:30:29]} Rb8 {[%clk 0:06:56]} 34. Qe5+ {[%clk 0:30:44]} 1-0

[Event "V4Liptov2018"]
[Site "?"]
[Date "2018.06.23"]
[Round "2.8"]
[White "Korenova, Simona"]
[Black "Fizerova, Lucie"]
[Result "1-0"]
[BlackElo "1598"]
[WhiteElo "1736"]
[LiveChessVersion "1.4.8"]

1. c4 {[%clk 1:00:57]} Nf6 {[%clk 1:00:39]} 2. d4 {[%clk 1:01:11]} e6
{[%clk 1:00:47]} 3. Nf3 {[%clk 1:01:07]} b6 {[%clk 1:01:07]} 4. e3
{[%clk 1:01:15]} Bb7 {[%clk 1:01:23]} 5. Be2 {[%clk 1:01:13]} d6 {[%clk 1:01:05]}
6. O-O {[%clk 1:01:21]} Be7 {[%clk 1:01:16]} 7. Nc3 {[%clk 1:00:18]} O-O
{[%clk 1:01:32]} 8. a3 {[%clk 0:59:59]} Nbd7 {[%clk 1:01:51]} 9. b4
{[%clk 0:58:33]} e5 {[%clk 1:01:23]} 10. dxe5 {[%clk 0:55:40]} Nxe5
{[%clk 0:58:39]} 11. Bb2 {[%clk 0:52:46]} Nfd7 {[%clk 0:49:51]} 12. Nd5
{[%clk 0:46:20]} f5 {[%clk 0:49:06]} 13. Nd4 {[%clk 0:42:46]} Bxd5
{[%clk 0:41:10]} 14. cxd5 {[%clk 0:43:05]} Qe8 {[%clk 0:32:30]} 15. Ne6
{[%clk 0:42:00]} Qg6 {[%clk 0:32:40]} 16. Bh5 {[%clk 0:38:07]} Qh6
{[%clk 0:32:28]} 17. Nxf8 {[%clk 0:30:05]} Rxf8 {[%clk 0:32:53]} 18. Rc1
{[%clk 0:28:12]} Bd8 {[%clk 0:32:15]} 19. f4 {[%clk 0:27:13]} Nd3
{[%clk 0:30:34]} 20. Qxd3 {[%clk 0:26:08]} Qxh5 {[%clk 0:30:56]} 21. Rf3
{[%clk 0:25:49]} Nf6 {[%clk 0:29:10]} 22. Rh3 {[%clk 0:24:52]} Qg6
{[%clk 0:29:16]} 23. Rg3 {[%clk 0:24:33]} Qh5 {[%clk 0:29:36]} 24. Rg5
{[%clk 0:23:44]} Qh6 {[%clk 0:29:20]} 25. Qxf5 {[%clk 0:11:30]} Ne8
{[%clk 0:28:57]} 26. Qe6+ {[%clk 0:11:24]} Qxe6 {[%clk 0:29:03]} 27. dxe6
{[%clk 0:11:51]} Bxg5 {[%clk 0:29:29]} 28. fxg5 {[%clk 0:12:16]} c5
{[%clk 0:29:12]} 29. bxc5 {[%clk 0:11:46]} dxc5 {[%clk 0:29:37]} 30. Rd1
{[%clk 0:10:11]} Nc7 {[%clk 0:29:53]} 31. Bxg7 {[%clk 0:07:18]} Re8
{[%clk 0:29:36]} 32. Bf6 {[%clk 0:06:23]} Nxe6 {[%clk 0:26:18]} 33. Rd7
{[%clk 0:05:41]} a6 {[%clk 0:23:52]} 34. Ra7 {[%clk 0:05:37]} b5 {[%clk 0:23:50]}
35. Rxa6 {[%clk 0:05:50]} Ng7 {[%clk 0:23:44]} 36. Bxg7 {[%clk 0:03:09]} Kxg7
{[%clk 0:24:07]} 37. Rb6 {[%clk 0:02:30]} Rc8 {[%clk 0:24:06]} 38. Rxb5
{[%clk 0:02:19]} c4 {[%clk 0:24:32]} 39. Rb1 {[%clk 0:02:44]} Kg6
{[%clk 0:24:38]} 40. Kf2 {[%clk 0:02:19]} Kxg5 {[%clk 0:25:02]} 41. Kf3
{[%clk 0:01:39]} h5 {[%clk 0:24:03]} 42. Ke4 {[%clk 0:01:29]} Ra8
{[%clk 0:23:36]} 43. Rc1 {[%clk 0:00:40]} Re8+ {[%clk 0:23:04]} 44. Kd4
{[%clk 0:00:51]} Rd8+ {[%clk 0:23:27]} 45. Kc3 {[%clk 0:00:54]} Rd3+
{[%clk 0:23:45]} 46. Kxc4 {[%clk 0:01:17]} Rxa3 {[%clk 0:24:08]} 47. Kd4
{[%clk 0:01:03]} Ra4+ {[%clk 0:24:19]} 48. Rc4 {[%clk 0:01:02]} Ra2
{[%clk 0:24:15]} 49. Rc5+ {[%clk 0:00:51]} Kg6 {[%clk 0:24:36]} 50. Rc8
{[%clk 0:00:41]} Kg7 {[%clk 0:24:41]} 51. Rc5 {[%clk 0:00:48]} Kg6
{[%clk 0:25:02]} 52. Rc6+ {[%clk 0:01:07]} Kg7 {[%clk 0:25:17]} 53. e4
{[%clk 0:00:40]} Rxg2 {[%clk 0:25:38]} 54. h3 {[%clk 0:01:01]} Rg3
{[%clk 0:24:24]} 55. Rc3 {[%clk 0:01:09]} Rxc3 {[%clk 0:23:07]} 56. Kxc3
{[%clk 0:01:34]} Kf6 {[%clk 0:23:28]} 57. Kd4 {[%clk 0:01:53]} Ke6
{[%clk 0:23:43]} 58. e5 {[%clk 0:02:02]} h4 {[%clk 0:18:04]} 59. Ke4
{[%clk 0:02:22]} Ke7 {[%clk 0:18:29]} 60. Kf5 {[%clk 0:02:16]} Kf7
{[%clk 0:18:13]} 61. Kg5 {[%clk 0:02:22]} Ke6 {[%clk 0:18:17]} 62. Kxh4
{[%clk 0:02:42]} Kxe5 {[%clk 0:18:27]} 63. Kg5 {[%clk 0:03:08]} Ke6
{[%clk 0:18:49]} 64. Kg6 {[%clk 0:03:34]} Ke7 {[%clk 0:19:10]} 65. Kg7
{[%clk 0:03:55]} Ke6 {[%clk 0:19:35]} 66. h4 {[%clk 0:04:11]} Kf5
{[%clk 0:19:07]} 67. h5 {[%clk 0:04:38]} Kg5 {[%clk 0:19:30]} 68. h6
{[%clk 0:05:03]} 1-0

[Event "V4Liptov2018"]
[Site "?"]
[Date "2018.06.23"]
[Round "2.9"]
[White "Sandor, Martin"]
[Black "Kulesza, Andrzej"]
[Result "1-0"]
[BlackElo "1934"]
[WhiteElo "1984"]
[LiveChessVersion "1.4.8"]

1. e4 {[%clk 1:00:58]} c5 {[%clk 1:00:40]} 2. Nf3 {[%clk 1:01:23]} d6
{[%clk 1:00:47]} 3. d4 {[%clk 1:01:43]} cxd4 {[%clk 1:01:01]} 4. Qxd4
{[%clk 1:01:14]} a6 {[%clk 1:00:46]} 5. c4 {[%clk 1:01:27]} Nc6 {[%clk 1:00:52]}
6. Qd3 {[%clk 1:00:20]} g6 {[%clk 1:00:23]} 7. Nc3 {[%clk 0:59:30]} f5
{[%clk 0:59:21]} 8. Be3 {[%clk 0:53:24]} Bg7 {[%clk 0:58:12]} 9. Qd2
{[%clk 0:47:16]} Nf6 {[%clk 0:56:48]} 10. Bd3 {[%clk 0:46:58]} fxe4
{[%clk 0:55:39]} 11. Nxe4 {[%clk 0:46:51]} O-O {[%clk 0:52:45]} 12. O-O
{[%clk 0:46:19]} Nxe4 {[%clk 0:49:43]} 13. Bxe4 {[%clk 0:46:40]} Qa5
{[%clk 0:49:32]} 14. Qc2 {[%clk 0:41:20]} Ne5 {[%clk 0:48:34]} 15. Nxe5
{[%clk 0:41:01]} Qxe5 {[%clk 0:48:59]} 16. Rab1 {[%clk 0:38:28]} Bf5
{[%clk 0:47:19]} 17. Bxf5 {[%clk 0:38:42]} Rxf5 {[%clk 0:47:08]} 18. g3
{[%clk 0:37:33]} Raf8 {[%clk 0:46:27]} 19. Rfe1 {[%clk 0:35:42]} Qf6
{[%clk 0:45:15]} 20. Re2 {[%clk 0:35:21]} g5 {[%clk 0:39:12]} 21. Qb3
{[%clk 0:33:50]} h5 {[%clk 0:38:30]} 22. Rd1 {[%clk 0:33:28]} h4 {[%clk 0:38:10]}
23. c5+ {[%clk 0:33:21]} Kh8 {[%clk 0:37:55]} 24. cxd6 {[%clk 0:33:05]} Rb5
{[%clk 0:36:42]} 25. Qd3 {[%clk 0:32:06]} e6 {[%clk 0:35:46]} 26. Bd4
{[%clk 0:30:11]} e5 {[%clk 0:36:01]} 27. Bc3 {[%clk 0:30:26]} Rd8
{[%clk 0:35:34]} 28. d7 {[%clk 0:29:16]} Qf7 {[%clk 0:31:05]} 29. Qd2
{[%clk 0:25:11]} Qh5 {[%clk 0:19:53]} 30. Re4 {[%clk 0:20:38]} b6
{[%clk 0:10:07]} 31. Bb4 {[%clk 0:18:47]} h3 {[%clk 0:07:20]} 32. g4
{[%clk 0:18:53]} Qf7 {[%clk 0:05:53]} 33. Qd3 {[%clk 0:12:41]} Bf8
{[%clk 0:02:14]} 34. Qxh3+ {[%clk 0:09:46]} Kg8 {[%clk 0:02:17]} 35. Bxf8
{[%clk 0:09:58]} Qxf8 {[%clk 0:02:43]} 36. Qh5 {[%clk 0:09:28]} Qe7
{[%clk 0:03:00]} 37. Qg6+ {[%clk 0:08:09]} Kf8 {[%clk 0:02:21]} 38. Rd3
{[%clk 0:08:19]} Qf7 {[%clk 0:02:43]} 39. Qh6+ {[%clk 0:08:07]} Kg8
{[%clk 0:01:34]} 40. Rd6 {[%clk 0:08:23]} Qh7 {[%clk 0:01:05]} 41. Qxg5+
{[%clk 0:08:34]} Kf7 {[%clk 0:00:53]} 42. Rf6+ {[%clk 0:08:50]} Ke7
{[%clk 0:00:53]} 43. Rh6+ {[%clk 0:09:14]} 1-0